Spell the Marvel Character #132 - Statistics

General Stats
  • This quiz has been taken 18 times
  • The average score is 6 of 8
Answer Stats
Picture Answer % Correct
Ant-Man
100%
Elektra
87%
Winter Soldier
87%
Hawkeye
80%
Yondu
80%
Echo
73%
Hawkeye
73%
Karnak
67%
No matching quizzes found
Score Distribution
Percent of People with Each Score
Percentile by Number Answered
Your Score History
You have not taken this quiz